01470nam a2200277 a 4500001001000000005001700010041000800027044000700035084002100042100004500063245014900108260003400257300002200291500015600313500033600469500001000805546002400815650005200839650005600891650003400947650004500981700004401026700003001070700004201100740005001142BRCA_344020190320204302.0 aita ait a729b.P655c18701 aCervantes Saavedra, Miguel ded1547-161610aL´Ingegnoso Idalgo Don Chisciotte della Mancia con Sancio Pancia suo Scudierecdi Michele Cervantes di Saavedra ; Tradotto da Bartolomeo Gamba. aMilánbEnrico Polittic1870 a2 v.bil.c23 cm. aContenido : v.1. Primera parte. Breve juicio crítico sobre Cervantes por A. Balbiani. Prólogo del autor. -- v.2. Segunda parte. Prólogo del autor aEdición ajustada a la anterior, pero en sustitución de la Noticia sobre la vida de Cervantes extractada de la escrita por Viardot, lleva un breve juicio crítico sobre el autor por Antonio Balbiani. La impresión es muy buena. Va ilustrada con los dibujos de Johannot. Semipiel; lomeras adornadas con dorados Lúdovik Osterc aQM548 aTexto en : italiano14aNovela españolayÉpoca clásica, 1500-170014aLiteratura españolayÉpoca clásica, 1500-170014aNovela españolaySiglo XVII14aDon Quijote (Personaje ficticio)eNovela1 aGamba, Bartolomeod1766-1841eTraductor1 aBalbiani, AntonioeEditor1 aJohannot, Tonyd1803-1852eIlustrador0 aEl Ingenioso Hidalgo Don Quijote de la Mancha